000 00799nam a2200277 4500
001 141897
003 ES-MaACL
005 20250718062542.0
007 t|
008 071001s1982 sp ||||0| spa d
016 7 _zIBH82020757
020 _a84-376-0337-4
040 _aIBH
_bspa
_cM-BN-DP
080 _a17
100 1 _aWilliams, Bernard.
_9116913
245 1 0 _aIntroducción a la ética /
_cBernard Williams ; [traducción de Manuel Jiménez Redondo].
260 _aMadrid :
_bCátedra,
_c[1982]
300 _a110 p. ;
_c18 cm.
490 1 _aColección Teorema
650 1 7 _aÉtica
_2embne
_912577
700 1 _aJiménez Redondo, Manuel.
_966597
830 0 _aColección Teorema
_9181648
852 _aES-MaACL
_jL-3019
_bR.103376
999 _c141897
_d141897